Can You Name Every Mary-Kate and Ashley Movie? - Statistics

General Stats
  • This quiz has been taken 21 times
  • The average score is 11 of 14
Answer Stats
Answer % Correct
It Takes Two
100%
New York Minute
100%
Billboard Dad
80%
Holiday in the Sun
80%
How the West Was Fun
80%
Our Lips are Sealed
80%
Passport to Paris
80%
Switching Goals
80%
The Challenge
80%
To Grandmother's House We Go
80%
When in Rome
80%
Winning London
80%
Double Double Toil and Trouble
60%
Getting There
40%
No matching quizzes found
Score Distribution
Percent of People with Each Score
Percentile by Number Answered
Your Score History
You have not taken this quiz